000 01067cam a22002771i 4500
003 SA-RiAUC
005 20241010090411.0
008 241008s1984 mr g bd 00010 ara d
040 _aSA-RiIMS
_bara
_cSA-RiAUC
_erda
082 0 4 _a413.02
_qSA-RiAUC
090 _a413.02
_bو د غ
100 1 _aالودغيري، عبد العلي،
_d1944-
_eمؤلف.
245 1 2 _aالمعجم العربي بالأندلس /
_cعبد العلي الودغيري.
250 _aالطبعة الأولى.
264 1 _aالرباط :
_bمكتبة المعارف للنشر والتوزيع،
_c1984
300 _a156 صفحة ؛
_c24 سم
336 _aنص
_btxt
_2rdacontent
_3كتاب
337 _aبدون وسيط
_bn
_2rdamedia
338 _aمجلد
_bnc
_2rdacarrier
500 _aملاحق : صفحة 121.
504 _aببليوجرافية : صفحة 147-154.
650 7 _aاللغة العربية
_vمعاجم
_2aucsh
650 7 _aالأدب العربي
_xتاريخ ونقد
_2aucsh
942 _2ddc
_cBOOK
_n0
949 _aSA-JeALM
_d241008
_umohamedma123
_n1
999 _c1151
_d1151